Электроэрозионное диспергирование порошков железа; Химия и химическая технология в XXI веке; Т. 1

Dades bibliogràfiques
Parent link:Химия и химическая технология в XXI веке: материалы XXII Международной научно-практической конференции студентов и молодых ученых имени выдающихся химиков Л. П. Кулёва и Н. М. Кижнера, посвященной 125-летию со дня основания Томского политехнического университета, Томск, 17-20 мая 2021 г./ Национальный исследовательский Томский политехнический университет (ТПУ) ; Инженерная школа природных ресурсов ; Исследовательская школа химических и биомедицинских технологий.— , 2021
Т. 1.— 2021.— [С. 58-59]
Autor principal: Зотов А. С.
Autor corporatiu: Национальный исследовательский Томский политехнический университет Инженерная школа ядерных технологий Отделение ядерно-топливного цикла
Altres autors: Журавков С. П. Сергей Петрович (научный руководитель)
Sumari:Заглавие с титульного экрана
Idioma:rus
Publicat: 2021
Col·lecció:Химия и химическая технология неорганических веществ и материалов
Matèries:
Accés en línia:http://earchive.tpu.ru/handle/11683/66167
Format: Electrònic Capítol de llibre
KOHA link:https://koha.lib.tpu.ru/cgi-bin/koha/opac-detail.pl?biblionumber=632795

MARC

LEADER 00000naa2a2200000 4500
001 632795
005 20240118134736.0
035 |a (RuTPU)RU\TPU\conf\34517 
035 |a RU\TPU\conf\34515 
090 |a 632795 
100 |a 20210520d2021 k y0rusy50 ca 
101 0 |a rus 
102 |a RU 
105 |a y z 101zy 
135 |a drcn ---uucaa 
181 0 |a i  
182 0 |a b 
200 1 |a Электроэрозионное диспергирование порошков железа  |f А. С. Зотов  |g науч. рук. С. П. Журавков 
203 |a Текст  |c электронный 
225 1 |a Химия и химическая технология неорганических веществ и материалов 
300 |a Заглавие с титульного экрана 
320 |a [Библиогр.: с. 59 (1 назв.)] 
461 1 |0 (RuTPU)RU\TPU\conf\34506  |t Химия и химическая технология в XXI веке  |o материалы XXII Международной научно-практической конференции студентов и молодых ученых имени выдающихся химиков Л. П. Кулёва и Н. М. Кижнера, посвященной 125-летию со дня основания Томского политехнического университета, Томск, 17-20 мая 2021 г.  |o в 2 т.  |f Национальный исследовательский Томский политехнический университет (ТПУ) ; Инженерная школа природных ресурсов ; Исследовательская школа химических и биомедицинских технологий  |d 2021 
463 1 |0 (RuTPU)RU\TPU\conf\34507  |t Т. 1  |v [С. 58-59]  |d 2021 
610 1 |a труды учёных ТПУ 
610 1 |a электронный ресурс 
610 1 |a электроэрозионное диспергирование 
610 1 |a железо 
610 1 |a физико-химические свойства 
610 1 |a тонкодисперсные порошки 
700 1 |a Зотов  |b А. С. 
702 1 |a Журавков  |b С. П.  |c химик  |c ведущий научный сотрудник, доцент Томского политехнического университета, кандидат химических наук  |f 1961-  |g Сергей Петрович  |3 (RuTPU)RU\TPU\pers\28225  |4 727  |9 13178 
712 0 2 |a Национальный исследовательский Томский политехнический университет  |b Инженерная школа ядерных технологий  |b Отделение ядерно-топливного цикла  |3 (RuTPU)RU\TPU\col\23554 
801 2 |a RU  |b 63413507  |c 20220921  |g RCR 
856 4 |u http://earchive.tpu.ru/handle/11683/66167 
942 |c BK